000 00963nam a2200265 i 4500
001 97297
003 ES-MaACL
005 20250828061921.0
007 t|
008 050708s1929 sp ||||1| spa d
100 1 _aMarañón, Gregorio,
_d1887-1960
_976311
245 1 0 _aTres ensayos sobre la vida sexual :
_bSexo, trabajo y deporte ; Maternidad y feminismo ; Educación sexual y diferenciación sexual /
_cGregorio Marañón y Posadillo ; con un ensayo de Ramón Pérez de Ayala.
250 _a5ª ed.
260 _aMadrid :
_bBiblioteca Nueva,
_c1929.
300 _a250 p. ;
_c19 cm.
650 4 _aSexualidad.
_917078
650 4 _aMaternidad.
_914852
650 7 _aEducación sexual
_2embne
_912121
700 1 _aPérez de Ayala, Ramón,
_d1880-1962
_990763
740 0 2 _aSexo, trabajo y deporte.
740 0 2 _aMaternidad y feminismo.
740 0 2 _aEducación sexual y diferenciación sexual.
852 4 _aES-MaACL
_jF-16333
999 _c97297
_d97297